Matematičeskaja teorija planirovanija eksperimenta

Enregistré dans:
Détails bibliographiques
Format: Livre
Langue:russe
Publié: Moskva Nauka 1984
Collection:Spravočnaja matematičeskaja biblioteka
Tags: Ajouter un tag
Pas de tags, Soyez le premier à ajouter un tag!

MARC

LEADER 00000nam a2200000 4500
001 c114761
005 20240910070006.5
041 0 |a rus 
044 |a RU 
245 1 0 |a Matematičeskaja teorija planirovanija eksperimenta  |c Red. Sergej Michajlovič Jermakov 
264 1 |a Moskva  |b Nauka  |c 1984 
300 |a 390 s. 
490 1 |a Spravočnaja matematičeskaja biblioteka 
830 0 |a Spravočnaja matematičeskaja biblioteka